Συμπάντικο : μυθιστόρημα
Αποθηκεύτηκε σε:
| Κύριος συγγραφέας: | |
|---|---|
| Μορφή: | Βιβλίο |
| Γλώσσα: | Greek |
| Δημοσίευση: |
Αθήνα :
Μαυρίδης,
1987
|
| Θέματα: | |
| Ετικέτες: |
Προσθήκη ετικέτας
Δεν υπάρχουν, Καταχωρήστε ετικέτα πρώτοι!
|
MARC
| LEADER | 00000nam a2200000 i 4500 | ||
|---|---|---|---|
| 001 | 1/79406 | ||
| 008 | 970221s1987 gre d | ||
| 035 | |a 1990 |b 3 |c Δωρεά |l 10033170 | ||
| 040 | |a GR-MY-UA |b gre |e aacr | ||
| 041 | 0 | |a gre | |
| 082 | 0 | |a 889.3 | |
| 100 | 1 | |a Μαρτίνης, Γιώργος. | |
| 245 | 1 | 0 | |a Συμπάντικο : |b μυθιστόρημα / |c Γιώργου Μαρτίνης |
| 260 | |a Αθήνα : |b Μαυρίδης, |c 1987 | ||
| 300 | |a 160 σ. | ||
| 650 | 0 | 0 | |a Greek fiction, Modern. |
| 852 | |a INST |b RHODES |e 19970221 |h 889.3 ΜΑΡ |p 005400010377 |q 005400010377 |t BK |y 0 | ||
| 909 | |a Ρ |b 017524 |c 1990 | ||
| 970 | |z 2000/06/ΟΙΚΟΝΟΜΟΠΟΥΛΟΥ (SUBJECT) | ||